Dans quels pays sont les plus grandes agglomérations d'Afrique ? - Statistiques

Statistiques générales
  • Ce quiz a été pris 50 fois
  • Le résultat moyen est 28 sur 40
Statistiques - réponses
Hint Réponse % Correct
Le Caire Égypte
98%
Johannesburg Afrique du Sud
96%
Alger Algérie
93%
Casablanca Maroc
93%
Tunis Tunisie
93%
Rabat Maroc
91%
Le Cap Afrique du Sud
89%
Nairobi Kenya
89%
Dakar Sénégal
89%
Abidjan Côte d'Ivoire
84%
Alexandrie Égypte
84%
Lagos Nigeria
84%
Conakry Guinée
82%
Antananarivo Madagascar
82%
Bamako Mali
82%
Yaoundé Cameroun
80%
Kinshasa République Démocratique du Congo
80%
Brazzaville Congo
76%
Accra Ghana
76%
Luanda Angola
73%
Addis Abeba Éthiopie
73%
Khartoum Soudan
73%
Ouagadougou Burkina Faso
71%
Lomé Togo
71%
Mogadiscio Somalie
67%
Dar es Salaam Tanzanie
67%
Abuja Nigeria
64%
Kampala Ouganda
60%
Lusaka Zambie
60%
Durban Afrique du Sud
58%
Maputo Mozambique
58%
Harare Zimbabwe
58%
Cotonou Bénin
56%
Kano Nigeria
51%
Douala Cameroun
47%
Ibadan Nigeria
42%
Lubumbashi République Démocratique du Congo
40%
Kumasi Ghana
22%
Port Harcourt Nigeria
22%
Mbuji-Mayi République Démocratique du Congo
22%
Aucun quiz correspondant
Distribution des résultats
% des personnes avec chaque résultat
Percentile par nombre de réponses
Votre historique - résultats
Vous n’avez pas pris ce quiz